01315 2200565 4500001002100000008004100021020002200062035002000084082001000104084001600114100001700130245003700147250000600184260003000190300002600220650000800246990001500254990001500269990001500284990001500299990001500314990001500329990001500344990001500359990001500374990001500389990001500404990001500419990001500434990001500449990001500464990001500479990001500494990001500509990001500524990001500539990001500554990001500569990001500584990001500599990001500614990001500629990001500644990001500659990001500674990001500689990001500704990001500719990001500734INLIS000000000003380 ind  a978-623-522-768-9 a0010-0526000003 a570.1 a570.1 AJI x aSetiyo, Ajib aX-Press TKA BiologicAjib Setiyo a1 aJakarta :bErlanggac2025 a154 hlmc21 x 25.5 cm aTKA a20001/B/26 a20002/B/26 a20003/B/26 a20004/B/26 a20005/B/26 a20006/B/26 a20007/B/26 a20008/B/26 a20009/B/26 a20010/B/26 a20011/B/26 a20012/B/26 a20013/B/26 a20014/B/26 a20015/B/26 a20016/B/26 a20017/B/26 a20018/B/26 a20019/B/26 a20020/B/26 a20021/B/26 a20022/B/26 a20023/B/26 a20024/B/26 a20025/B/26 a20026/B/26 a20027/B/26 a20028/B/26 a20029/B/26 a20030/B/26 a20031/B/26 a20032/B/26 a20033/B/26